|
|
|
|
| LEADER |
01135nam a2200265 a 4500 |
| 001 |
2507787 |
| 008 |
090531s1995 enka b 001 0 eng d |
| 010 |
|
|
|a 92080881
|
| 020 |
|
|
|a 0340643978
|
| 040 |
|
|
|a DLC
|c DLC
|d DLC
|
| 082 |
0 |
0 |
|a 410
|2 20
|
| 100 |
1 |
|
|a Aitchison, Jean,
|d 1938-
|
| 245 |
1 |
0 |
|a Linguistics :
|b an introduction /
|c Jean Aitchison.
|
| 250 |
|
|
|a 4th ed.
|
| 260 |
|
|
|a London :
|b Hooder & Stoughton,
|c 1995.
|
| 300 |
|
|
|a viii, 232 p. :
|b ill. ;
|c 20 cm.
|
| 490 |
1 |
|
|a Teach yourself books
|
| 504 |
|
|
|a Includes bibliographical references (p. 203-215) and index.
|
| 541 |
1 |
|
|e 00009836
|
| 650 |
|
0 |
|a Linguistics.
|
| 830 |
|
0 |
|a Teach yourself books (Lincolnwood, Ill.)
|
| 852 |
4 |
|
|a Ayesha Abed Library
|j General shelf
|
| 999 |
|
|
|c 1176
|d 1176
|
| 952 |
|
|
|0 0
|1 0
|2 ddc
|4 1
|6 410_000000000000000_AIT_1995
|7 0
|9 1063
|a BRACUL
|b BRACUL
|c SPS
|d 2009-06-24
|g 0.00
|l 4
|m 16
|o 410 AIT
|p 3010009836
|r 2014-12-10
|s 2014-10-22
|t 2
|w 2009-06-24
|y BK
|x No price found in the accession register.
|
| 952 |
|
|
|0 0
|1 0
|2 ddc
|4 1
|6 410_000000000000000_AIT_1995
|7 0
|9 10487
|a BRACUL
|b BRACUL
|c SPS
|d 2010-05-25
|l 4
|m 35
|o 410 AIT
|p 3010009835
|r 2016-10-26
|s 2016-03-29
|t 1
|w 2010-05-25
|y BK
|